000 00500cam a2200205ua 4500
001 8389
008 150129n ii |||gr||||Z||||||asm
020 _a8173391947
040 _cMAIN
041 _aasm
082 _a491.451
100 _aBoruah, B. K.,
_eAuthor.
245 1 _aAxamiya bhaxa
_cBy Bhim Kanta Boruah
250 _a2nd.
260 _aDibrugarh:
_bbanalata,
_c2006.
300 _a177p.
653 _aEast Indo-European & Celtic languages
653 _aAssamese language
942 _cBK
999 _c7498
_d7498